Catálogo
 En Linea

Marinero del viento y la ceniza / (Registro nro. 50126)

Detalles MARC
000 -CABECERA
campo de control de longitud fija 01510nam a22002417a 4500
003 - IDENTIFICADOR DEL NÚMERO DE CONTROL
campo de control DO-SdBNP
005 - FECHA Y HORA DE LA ÚLTIMA TRANSACCIÓN
campo de control 20240228140800.0
007 - CAMPO FIJO DE DESCRIPCIÓN FÍSICA--INFORMACIÓN GENERAL
campo de control de longitud fija ta
008 - DATOS DE LONGITUD FIJA--INFORMACIÓN GENERAL
campo de control de longitud fija 210716b 2018 dr 00| 0 eng d
020 ## - NÚMERO INTERNACIONAL ESTÁNDAR DEL LIBRO
Número Internacional Estándar del Libro 9789945609578
040 ## - FUENTE DE LA CATALOGACIÓN
Centro catalogador/agencia de origen DO-SdBNP
Lengua de catalogación spa
Centro/agencia transcriptor BNPHU
082 #4 - NÚMERO DE LA CLASIFICACIÓN DECIMAL DEWEY
Número de clasificación BNPHU
100 1# - ENTRADA PRINCIPAL--NOMBRE DE PERSONA
Nombre de persona Segarra Báez, Iván,
Fechas asociadas al nombre 1967-
9 (RLIN) 79697
245 10 - MENCIÓN DE TÍTULO
Título Marinero del viento y la ceniza /
Mención de responsabilidad, etc. Iván Segarra Báez ; prólogo Jaime Marcano Montañez.
260 ## - PUBLICACIÓN, DISTRIBUCIÓN, ETC.
Lugar de publicación, distribución, etc. Santo Domingo :
Nombre del editor, distribuidor, etc. Santuario,
Fecha de publicación, distribución, etc. 2018.
300 ## - DESCRIPCIÓN FÍSICA
Extensión 61 p. ;
Dimensiones 22 cm.
500 ## - NOTA GENERAL
Nota general Incluye datos biográficos del autor en las solapas
505 0# - NOTA DE CONTENIDO CON FORMATO
Nota de contenido con formato De lirios los delirios: la poesía mística de Iván Segarra Báez / Jaime Marcano Montañez, 9.-- Primera parte. Encuentro del viento y la ceniza, 17.-- Él es mi ángel, 19.-- La oscuridad, 20.-- El cielo está cubierto de palabras, 21.-- El tiempo, 23.-- Marinero del viento y la ceniza, 25.-- La huella de tu nombre, 29.-- El ave voló, 32.-- Segunda parte. La luz brilla en occidente, 39.-- Traspasó la luz todos los sonidos, 41.-- Marinero del viento, ¿a dónde has ido?, 43.-- De tu alma a mi alma, 44.-- La estrella, 46.-- Dios está en cada hombre, 48.-- Dios no se anuncia, 50.-- La gracia de Amado está conmigo, 51.-- Dios no deja huellas, 53.-- Camino con Dios, nada me falta, 55.-- ¡Qué más quiere Dios de este cuerpo!, 57.-- El cielo de la vida, 59.
590 ## - NOTA LOCAL (RLIN)
Nota local Inventariado, 2021 /LP<br/><br/><br/>
700 1# - PUNTO DE ACCESO ADICIONAL--NOMBRE DE PERSONA
Nombre de persona Marcano Montañez, Jaime,
Término indicativo de función/relación pról.
9 (RLIN) 79263
910 ## - DATOS DE OPCIÓN DEL USUARIO (OCLC)
Datos de opción del usuario LPérez
942 ## - ELEMENTOS DE PUNTO DE ACCESO ADICIONAL (KOHA)
Fuente del sistema de clasificación o colocación Dewey Decimal Classification
Tipo de ítem Koha Libro
Existencias
Estado de retiro Estado de pérdida Fuente del sistema de clasificación o colocación No para préstamo Código de colección Localización permanente Ubicación/localización actual Ubicación en estantería Fecha de adquisición Fuente de adquisición Total de préstamos Signatura topográfica completa Código de barras Fecha visto por última vez Precio válido a partir de Tipo de ítem Koha Número de copia
    Dewey Decimal Classification Préstamo en sala Dominicana de Servicio Biblioteca Nacional Pedro Henríquez Ureña Dominicana Depósito 16.07.2021 Depósito Legal   BNPHU DS 2021-25190 16.07.2021 16.07.2021 Libro y Folleto Colección Dominicana de Servicio e.3
    Dewey Decimal Classification Excluido de préstamo Patrimonio Dominicano Biblioteca Nacional Pedro Henríquez Ureña Patrimonio Dominicano Depósito 16.07.2021 Depósito Legal   BNPHU PD 2021-25188 16.07.2021 16.07.2021 Libro y Folleto Colección Patrimonio Dominicano  
    Dewey Decimal Classification Préstamo restrigido Patrimonio Dominicano Biblioteca Nacional Pedro Henríquez Ureña Patrimonio Dominicano Depósito 16.07.2021 Depósito Legal   BNPHU PD 2021-25189 16.07.2021 16.07.2021 Libro y Folleto Colección Patrimonio Dominicano e.2

Con tecnología Koha